| 000 | 00533nam a2200145Ia 4500 | ||
|---|---|---|---|
| 008 | 250506s9999 xx 000 0 und d | ||
| 024 | _a04B-17-BS & 04B-14-BS | ||
| 082 | _a657.95028553072 SYE | ||
| 100 | _aSyed Shariq Husssain & Sharique Naved | ||
| 245 | 0 | _aStandard Accounting Software (SAS) | |
| 260 |
_aKarachi: _bUIT, _c2004 |
||
| 600 | _aComputer Science | ||
| 650 | _aBachelor of Computer Science (BS) | ||
| 856 |
_uhttps://drive.google.com/file/d/1fXgmNL7mC2gRsGg3qhYKGM5XmXpsRKKn/view?usp=share_link _yClick here for PDF |
||
| 999 |
_c27469 _d27469 |
||